书目信息 |
| 题名: |
建筑类专业英语:建筑管理与财会(第一册)
|
|
| 作者: | 孙玮 , 陆铁镛 主编 | |
| 分册: | ||
| 出版信息: | 北京 中国建筑工业出版社 1997.06 |
|
| 页数: | 182页 | |
| 开本: | 16开 | |
| 丛书名: | ||
| 单 册: | ||
| 中图分类: | H319.4:TU | |
| 科图分类: | ||
| 主题词: | 英语 | |
| 电子资源: | ||
| ISBN: | 7-112-03038-2 | |
| 000 | 00638nam0 2200193 45 | |
| 001 | 0005090924 | |
| 005 | 20061213081502.51 | |
| 010 | @a7-112-03038-2@d12.40元 | |
| 100 | @a20000509d1997 km y0chiy0120 ea | |
| 101 | 0 | @achi |
| 200 | 1 | @a建筑类专业英语:建筑管理与财会(第一册)@AJian ZhuLei Zhuan Ye Ying Yu:Jian Zhu Guan Li Yu Cai Kuai(Di Yi Ce)@f陆铁镛,孙玮主编@FLu Tie Yong,Sun Wei ZhuBian |
| 210 | @a北京@c中国建筑工业出版社@d1997.06 | |
| 215 | @a182页@d16开 | |
| 606 | 0 | @a英语 |
| 690 | @aH319.4:TU@v3 | |
| 701 | 0 | @a孙玮@4主编 |
| 701 | 0 | @a陆铁镛@4主编 |
| 801 | @aCN@bPftUser@c20061213 | |
| 905 | @dH319.4:TU@eL926@b300495-504@f10 | |
| 建筑类专业英语:建筑管理与财会(第一册)/陆铁镛,孙玮主编.-北京:中国建筑工业出版社,1997.06 |
| 182页;16开 |
| ISBN 7-112-03038-2:12.40元 |
| ● |
| 相关链接 |
|
|
|
正题名:建筑类专业英语:建筑管理与财会(第一册)
索取号:H319.4:TU/L926
 
预约/预借
| 序号 | 登录号 | 条形码 | 馆藏地/架位号 | 状态 | 备注 |
| 1 | 300495 | 203004952 | 语言库209/400B社科库 8排3列1层/ [索取号:H319.4:TU/L926] | 在馆 | |
| 2 | 300496 | 203004961 | 社科二线400B/400B社科库 8排3列1层/ [索取号:H319.4:TU/L926] | 在馆 | |
| 3 | 300497 | 203004970 | 语言库209/400B社科库 9排2列1层/ [索取号:H319.4:TU/L926] | 在馆 | |
| 4 | 300498 | 203004989 | 社科二线400B/209语言库 100排3列2层/ [索取号:H319.4:TU/L926] | 在馆 | |
| 5 | 300499 | 203004998 | 语言库209/400B社科库 8排3列1层/ [索取号:H319.4:TU/L926] | 在馆 | |
| 6 | 300500 | 203005005 | 社科二线400B/400B社科库 9排4列4层/ [索取号:H319.4:TU/L926] | 在馆 | |
| 7 | 300501 | 203005014 | 语言库209/400B社科库 8排3列1层/ [索取号:H319.4:TU/L926] | 在馆 | |
| 8 | 300502 | 203005023 | 社科二线400B/400B社科库 8排2列1层/ [索取号:H319.4:TU/L926] | 在馆 | |
| 9 | 300503 | 203005032 | 语言库209/400B社科库 8排3列1层/ [索取号:H319.4:TU/L926] | 在馆 | |
| 10 | 300504 | 203005041 | 社科二线400B/400B社科库 8排3列1层/ [索取号:H319.4:TU/L926] | 在馆 | |
| 11 | 444451 | 204444510 | 管理学院资料室/ [索取号:H319.4:TU/L926] | 在馆 |